000 00293nam a22001337a 4500
008 180922b xxu||||| |||| 00| 0 eng d
020 _a0673994996
041 _aeng
080 _a159.9
100 _a49
101 _aPSI
245 _aEssentials of Psychology
_cGerow, J.R
942 _2udc
_cBK
999 _c48301
_d48301